ნორმალური ფორმატი
MARC ფორმატი
ჩანაწერი Personal Name
ჩანაწერთა რაოდენობა, რომელიც გამოყენებულია: 1
001 - CONTROL NUMBER
- control field: 24495
003 - CONTROL NUMBER IDENTIFIER
- control field: GE_BSU
005 - DATE AND TIME OF LATEST TRANSACTION
- control field: 20250310114019.0
008 - FIXED-LENGTH DATA ELEMENTS
- fixed length control field: 250310|| aca||aabn | a|a d
040 ## - CATALOGING SOURCE
- Original cataloging agency: GE_BSU
- Transcribing agency: GE_BSU
100 ## - HEADING--PERSONAL NAME
- Personal name: კენკიშვილი, კახაბერ , .
- Relator term: შემდგენელი
670 ## - SOURCE DATA FOUND
- Source citation: Work cat.: (GE_BSU)54072: წმინდა ზოსიმე პალესტინელი ; ღირსი მარიამ მეგვიპტელი ; წმინდა მოწამე ირინე ; წმინდა ტრიფონი ; წმინდა პოლიქრონიოსი ; წმინდა მოკიოსი ; წმინდა თეოდორე სტრატილატი /
